Normal view
MARC view
- Col Dr Shamshad Ahmad Khan
Entry Personal Name
001 - CONTROL NUMBER
- control field: 48418
003 - CONTROL NUMBER IDENTIFIER
- control field: NUST
005 - DATE AND TIME OF LATEST TRANSACTION
- control field: 20210314134041.0
008 - FIXED-LENGTH DATA ELEMENTS
- fixed length control field: 210314|| aca||aabn | a|a d
040 ## - CATALOGING SOURCE
- Original cataloging agency: NUST
- Transcribing agency: NUST
100 ## - HEADING--PERSONAL NAME
- Personal name: Col Dr Shamshad Ahmad Khan
670 ## - SOURCE DATA FOUND
- Source citation: Work cat.: (NUST): Muhammad Salman 15906, An experimental laboratory study to evaluate the performance of asphalt concrete mix design using bottom ash and blast furnace slag as partial replacement of fine aggregate at high tempratures, 1997
